00312 a2200121 4500020001800000050002000018100003100038245004400069264002800113300001500141500001000156650002400166 a9780007488056 aPS3552 MCF 2012 a McFarlane, Mhairieauthor aYou had me at hello /cMhairi McFarlane aLondon :b Avon, c2012 a454 pg . : anovel aYou had me at hello